000 00412cam a22001457a 4500
008 180718b2011 xxu||||| |||| 00| 0 eng d
020 _a9788184841145
082 _aI24x54 C344
100 _aChodha, Sanjeev Kumar
245 _aGovernor and good governance
_cby Sanjeev Kumar Chodha
260 _aNew Delhi
_bRegal
_c2011
300 _a200p.
650 _aState governments --India
650 _aGovernors --India
999 _c442813
_d442813